[Event "Morbihan-ch 0607"]
[Site "Morbihan"]
[Date "2007.03.10"]
[Round "6"]
[White "Rivalin, Patrick"]
[Black "Deslias, Alain"]
[Result "1-0"]
[WhiteElo "1630"]
[BlackElo "1440"]
[PlyCount "55"]
[EventDate "2006.10.21"]
[EventType "swiss"]
[EventRounds "7"]
[EventCountry "FRA"]
[SourceTitle "EXT 2009"]
[Source "ChessBase"]
[SourceDate "2008.11.26"]
[SourceVersion "1"]
[SourceVersionDate "2008.11.26"]
[SourceQuality "1"]

1. d4 d5 2. c4 e6 3. Nc3 Nf6 4. Nf3 h6 5. Bf4 b6 6. Nb5 Bd6 7. Nxd6+ cxd6 8. Qa4+ Bd7 9. Qb4 Qc7 10. cxd5 Nxd5 11. Qxd6 Qxd6 12. Bxd6 Bc6 13. Rc1 Kd7 14. Bxb8 Raxb8 15. Ne5+ Ke8 16. Rxc6 f6 17. Rxe6+ Ne7 18. Ng6 Kf7 19. Rxe7+ Kxg6 20. e3 Kh7 21. Bd3+ Kg8 22. Kd2 Rc8 23. Rc1 Rf8 24. Rcc7 Rh7 25. Bxh7+ Kxh7 26. Rxg7+ Kh8 27. Rh7+ Kg8 28. Rcg7# 1-0

[Event "Hennebont Grand Prix"]
[Site "Hennebont"]
[Date "2006.08.06"]
[Round "7"]
[White "Deslias, Alain"]
[Black "Le Lostec, Michael"]
[Result "1/2-1/2"]
[WhiteElo "1490"]
[BlackElo "1560"]
[PlyCount "88"]
[EventDate "2006.08.05"]
[EventType "swiss"]
[EventRounds "7"]
[EventCountry "FRA"]
[SourceTitle "EXT 2007"]
[Source "ChessBase"]
[SourceDate "2006.11.23"]
[SourceVersion "1"]
[SourceVersionDate "2006.11.23"]
[SourceQuality "1"]

1. e4 e5 2. Nf3 d6 3. h3 f5 4. Nc3 c6 5. d4 fxe4 6. Nxe4 Bf5 7. Bd3 d5 8. Ng3 Bxd3 9. cxd3 Bb4+ 10. Bd2 Bxd2+ 11. Qxd2 exd4 12. Qe2+ Qe7 13. Nxd4 Qxe2+ 14. Ngxe2 Nf6 15. Ne6 Kd7 16. N6f4 Na6 17. 0-0 Rhe8 18. Rfe1 Nc5 19. Nd4 Rxe1+ 20. Rxe1 Re8 21. Rxe8 Nxe8 22. Kh2 Nc7 23. b4 N5e6 24. Nfxe6 Nxe6 25. Nxe6 Kxe6 26. f4 d4 27. h4 Kf5 28. Kg3 h5 29. Kf3 b6 30. a4 a6 31. g3 a5 32. bxa5 bxa5 33. Ke2 Kg4 34. Kf2 g6 35. Kg2 Kf5 36. Kf3 c5 37. Ke2 c4 38. dxc4 Ke4 39. Kd2 d3 40. c5 Kd5 41. Kxd3 Kxc5 42. Kc3 Kd5 43. Kd3 Kc5 44. Kc3 Kd5 1/2-1/2

[Event "Hennebont Grand Prix"]
[Site "Hennebont"]
[Date "2006.08.05"]
[Round "2"]
[White "Vanino, Jean Michel"]
[Black "Deslias, Alain"]
[Result "1-0"]
[WhiteElo "1560"]
[BlackElo "1490"]
[PlyCount "29"]
[EventDate "2006.08.05"]
[EventType "swiss"]
[EventRounds "7"]
[EventCountry "FRA"]
[SourceTitle "EXT 2007"]
[Source "ChessBase"]
[SourceDate "2006.11.23"]
[SourceVersion "1"]
[SourceVersionDate "2006.11.23"]
[SourceQuality "1"]

1. d4 d5 2. Nc3 Nf6 3. e4 Nxe4 4. Nxe4 dxe4 5. f3 f5 6. Bc4 b6 7. Nh3 e6 8. 0-0 Qh4 9. fxe4 fxe4 10. Bg5 Qxh3 11. gxh3 h6 12. Qh5+ Kd7 13. Qf7+ Kd6 14. Bf4+ Kc6 15. Qxc7# 1-0

[Event "Morbihan-ch 0506"]
[Site "Arradon"]
[Date "2006.03.18"]
[Round "6"]
[White "Roussel, Bernard"]
[Black "Deslias, Alain"]
[Result "1/2-1/2"]
[WhiteElo "1530"]
[BlackElo "1499"]
[PlyCount "72"]
[EventDate "2005.10.01"]
[EventType "swiss"]
[EventRounds "7"]
[EventCountry "FRA"]
[SourceTitle "EXT 2007"]
[Source "ChessBase"]
[SourceDate "2006.11.23"]
[SourceVersion "1"]
[SourceVersionDate "2006.11.23"]
[SourceQuality "1"]

1. d4 d5 2. c4 e6 3. Nf3 Nc6 4. a3 b6 5. Qa4 Bd7 6. Qc2 g6 7. Nc3 Bg7 8. e3 Nf6 9. b4 0-0 10. Bb2 Re8 11. 0-0-0 dxc4 12. Bxc4 e5 13. d5 Nb8 14. e4 Re7 15. d6 cxd6 16. Rxd6 Qe8 17. Rhd1 Nc6 18. Nd5 Nxd5 19. R6xd5 Be6 20. Rd6 Bxc4 21. Qxc4 Rc8 22. Kb1 Re6 23. Qb3 Bf8 24. Rd7 Rd8 25. R7d5 Bg7 26. Qc4 Rc8 27. Qb3 Rd8 28. Rxd8 Nxd8 29. Ng5 Re7 30. Qh3 h6 31. Nf3 Rc7 32. Qg3 Re7 33. Nh4 Re6 34. Qb3 Bf6 35. Nf3 Nb7 36. g3 Nd8 1/2-1/2

[Event "Morbihan-ch 0506"]
[Site "Arradon"]
[Date "2006.01.07"]
[Round "4"]
[White "Deslias, Alain"]
[Black "Le Clanche, Marcel"]
[Result "0-1"]
[WhiteElo "1499"]
[BlackElo "1750"]
[PlyCount "178"]
[EventDate "2005.10.01"]
[EventType "swiss"]
[EventRounds "7"]
[EventCountry "FRA"]
[SourceTitle "EXT 2007"]
[Source "ChessBase"]
[SourceDate "2006.11.23"]
[SourceVersion "1"]
[SourceVersionDate "2006.11.23"]
[SourceQuality "1"]

1. Nf3 c5 2. c3 Nf6 3. g3 Nc6 4. d4 cxd4 5. cxd4 e6 6. Bg2 Bb4+ 7. Bd2 Nd5 8. Bxb4 Ndxb4 9. a3 Qa5 10. 0-0 Nd5 11. Ne5 Nf6 12. e4 Ne7 13. b4 Qa6 14. Nc3 d5 15. Re1 0-0 16. a4 dxe4 17. Nxe4 Nxe4 18. Bxe4 f6 19. b5 Qd6 20. Nc4 Qd8 21. Qd3 h6 22. Rad1 Rb8 23. Qa3 Nd5 24. Bb1 b6 25. Qd3 f5 26. Qf3 Qg5 27. h4 Qf6 28. Ne3 Bb7 29. Nxd5 Bxd5 30. Qh5 Rbc8 31. Rd2 Bb3 32. Qf3 Bd5 33. Qe3 Rc4 34. Ba2 Rxa4 35. Bxd5 exd5 36. Rc1 f4 37. Qe5 Qxe5 38. dxe5 fxg3 39. fxg3 Rf3 40. Kh2 Re3 41. Rxd5 Ra2+ 42. Kh3 Kf7 43. Rc7+ Ke6 44. Rdd7 Rxe5 45. Re7+ Kf5 46. Rxe5+ Kxe5 47. Rxg7 Kf5 48. Rf7+ Kg6 49. Rf4 h5 50. Rd4 Kf5 51. Rd5+ Kg6 52. Re5 Rb2 53. Rd5 Rc2 54. Rd7 Rc5 55. Rxa7 Rxb5 56. Rb7 Rb1 57. Rb8 b5 58. Rg8+ Kh7 59. Rg5 Kh6 60. Kg2 b4 61. g4 hxg4 62. Rxg4 b3 63. Rb4 b2 64. Kf2 Rh1 65. Rb6+ Kg7 66. Rb7+ Kf6 67. Rb6+ Ke7 68. Rb7+ Kd6 69. Kg3 b1Q 70. Rxb1 Rxb1 71. Kg4 Ke7 72. Kg5 Rb6 73. h5 Kf7 74. h6 Kg8 75. Kh5 Kh7 76. Kg5 Rxh6 77. Kf5 Kg7 78. Kg5 Rf6 79. Kh5 Rg6 80. Kh4 Kf6 81. Kh5 Kf5 82. Kh4 Rg5 83. Kh3 Rg4 84. Kh2 Kf4 85. Kh3 Kf3 86. Kh2 Rg3 87. Kh1 Kf2 88. Kh2 Rg4 89. Kh1 Rh4# 0-1

[Event "Morbihan-ch 0506"]
[Site "Arradon"]
[Date "2005.11.05"]
[Round "2"]
[White "Peyre, Thomas"]
[Black "Deslias, Alain"]
[Result "1-0"]
[WhiteElo "1740"]
[BlackElo "1499"]
[PlyCount "95"]
[EventDate "2005.10.01"]
[EventType "swiss"]
[EventRounds "7"]
[EventCountry "FRA"]
[SourceTitle "EXT 2007"]
[Source "ChessBase"]
[SourceDate "2006.11.23"]
[SourceVersion "1"]
[SourceVersionDate "2006.11.23"]
[SourceQuality "1"]

1. e4 e5 2. Nf3 Nc6 3. Bb5 Nf6 4. d3 Bc5 5. 0-0 0-0 6. Bxc6 dxc6 7. Nxe5 Bd6 8. Nf3 Bg4 9. h3 Bxf3 10. Qxf3 h6 11. Nd2 b5 12. Nb3 Qe7 13. Nd4 Qe5 14. Re1 Qxd4 15. c3 Qe5 16. d4 Qh2+ 17. Kf1 Nxe4 18. Rxe4 Rae8 19. Ke2 Rxe4+ 20. Qxe4 c5 21. dxc5 Bxc5 22. Bf4 f5 23. Qe6+ Kh8 24. Bxh2 Rf6 25. Qd7 f4 26. Qxc7 f3+ 27. gxf3 Re6+ 28. Kf1 Rf6 29. Qxc5 Rxf3 30. Bg3 Rf6 31. Qe5 Kh7 32. Qxf6 gxf6 33. Rd1 Kg6 34. Rd5 a6 35. Rd6 a5 36. Be5 Kf5 37. Rxf6+ Kxe5 38. Rxh6 Ke4 39. Ke2 b4 40. Rh4+ Kd5 41. Kd3 Kc5 42. Rh5+ Kb6 43. Kc4 bxc3 44. bxc3 Ka6 45. Kc5 a4 46. Rh7 a3 47. Rc7 Ka5 48. Ra7# 1-0